000
00254nam a2200097Ia 4500
001
694138
005
20250826161927.0
008
250824s9999 xx 000 0 und d
245
0
_a
Başarıya Götüren Aile
_c
DOĞAN CÜCELOĞLU
260
_b
REMZİ KİTABEVİ
999
_c
694138
_d
694138